000 00296nam a2200121Ia 4500
008 190216s9999||||xx |||||||||||||| ||und||
100 _aBarthwal R R
245 0 _aIndustrial Economics
260 _bNew Age International Publishers
_c2000
300 _a416p
650 _aEconomics
942 _cBK
999 _c10511
_d10511